000
00354nam a2200133Ia 4500
008
151001s9999||||xx |||||||||||||| ||und||
100
_a
नवरत्न पांडे
245
_a
चिंदी चिंदी अक्स
250
_a
1
260
_b
लिट्रेसी
260
_c
2008
300
_a
104
365
_b
21
999
_c
995136
_d
995133